| 000 | 00476nab a2200145Ia 4500 | ||
|---|---|---|---|
| 003 | ES-SlBCS | ||
| 005 | 20210601125232.0 | ||
| 008 | 140529s1974 xxu||||| |||| 00| 0 eng d | ||
| 041 | _aeng | ||
| 100 | 1 |
_aAnton, Anatole _9155793 |
|
| 245 | 0 | 0 |
_aCommodities and Exchange: Notes for an Interpretation of Marx _c Anatole Anton |
| 600 | 1 | 4 |
_aMarx, Karl _d, 1818-1883 _994285 |
| 773 | 0 |
_tPhilosophy and Phenomenological Research _gvol. 34, 1974, págs. 355-385 _wRev1411 |
|
| 942 | _cAR | ||
| 999 |
_c526998 _d526998 |
||